UITU Library & LRC     

Songs of Blood and sward: a doughter's memoir (Record no. 10745)

MARC details
000 -LEADER
fixed length control field 00501nam a2200181Ia 4500
008 - FIXED-LENGTH DATA ELEMENTS--GENERAL INFORMATION
fixed length control field 240925s9999 xx 000 0 und d
020 ## - INTERNATIONAL STANDARD BOOK NUMBER
International Standard Book Number 9780670082803
082 ## - DEWEY DECIMAL CLASSIFICATION NUMBER
Classification number 959 BHU
100 ## - MAIN ENTRY--PERSONAL NAME
Personal name Bhutto, Fatima
245 #0 - TITLE STATEMENT
Title Songs of Blood and sward: a doughter's memoir
250 ## - EDITION STATEMENT
Edition statement NA
260 ## - PUBLICATION, DISTRIBUTION, ETC.
Place of publication, distribution, etc. New Delhi:
Name of publisher, distributor, etc. Penguin Books
Date of publication, distribution, etc. ,2010.
300 ## - PHYSICAL DESCRIPTION
Extent xxxiii,942p.
Other physical details N.A
Type of unit Original
500 ## - GENERAL NOTE
General note Includes Index
600 ## - SUBJECT ADDED ENTRY--PERSONAL NAME
Personal name Humanities & Natural Science
650 ## - SUBJECT ADDED ENTRY--TOPICAL TERM
Topical term or geographic name entry element History and Geography
942 ## - ADDED ENTRY ELEMENTS (KOHA)
Koha item type Books
Holdings
Withdrawn status Lost status Damaged status Not for loan Collection Home library Current library Date acquired Source of acquisition Cost, normal purchase price Total checkouts Full call number Barcode Date last seen Price effective from Koha item type
        Humanities & Basic Sciences UITU Library UITU Library 04/19/2010 Liberty Books 933.92   959 BHU Q8246 09/25/2024 09/25/2024 Books

Powered by Koha